Bytový dom

Salvato in:
Dettagli Bibliografici
Autore principale: Haššová, Zuzana (Autore)
Altri autori: Jamnický, Martin (Relatore della tesi)
Natura: Manoscritto Libro
Lingua:slovacco
Pubblicazione: 2021
Soggetti:
Accesso online:http://is.stuba.sk/zp/portal_zp.pl?podrobnosti=143785
https://opac.crzp.sk/?fn=detailBiblioForm&sid=C3156EBF8AB965AD232FD8C699AC
Tags: Aggiungi Tag
Nessun Tag, puoi essere il primo ad aggiungerne!!

MARC

LEADER 00000ntm a22000003a 4500
001 stuzp85024
003 SK-STU
005 20230512105623.0
007 ta
008 150427s2015----xo-----f-mn---000-0-slo-d
040 |a STU  |b slo 
041 0 |a slo 
100 1 |a Haššová, Zuzana  |u 010180  |4 aut  |U SvF Stavebná fakulta  |T SvF Katedra konštrukcií pozemných stavieb  |X 93026  |U V180  |Y 18  |7 93026 
242 0 1 |a Residential house  |y eng 
245 1 0 |a Bytový dom 
260 |c 2021 
650 4 |a bytový dom  |2 slo 
650 4 |a projekt na realizáciu stavby  |2 slo 
650 4 |a podzemné parkovanie  |2 slo 
650 4 |a residential house  |2 eng 
650 4 |a project for the implementation of the construction  |2 eng 
650 4 |a underground parking  |2 eng 
700 1 |a Jamnický, Martin  |u 010180  |k Z1  |4 ths  |U SvF Stavebná fakulta  |T SvF Katedra konštrukcií pozemných stavieb  |X 4052  |U V180  |Y 18  |7 A000004052 
856 4 |u http://is.stuba.sk/zp/portal_zp.pl?podrobnosti=143785 
856 4 |u https://opac.crzp.sk/?fn=detailBiblioForm&sid=C3156EBF8AB965AD232FD8C699AC